[Event "BIH-ch-T"]
[Site "Sarajevo"]
[Date "2013.06.21"]
[Round "7.3"]
[White "Burovic, Ismet"]
[Black "Bejtovic, Jasmin"]
[Result "1-0"]
[WhiteElo "2351"]
[BlackElo "2397"]
[PlyCount "81"]
[EventDate "2013.06.15"]

1. e4 c5 2. d3 Nc6 3. f4 g6 4. Nf3 Bg7 5. c3 Nf6 6. Be3 d6 7. h3 O-O 8. g4 c4
9. Nbd2 cxd3 10. Bxd3 e5 11. f5 d5 12. Qc2 dxe4 13. Nxe4 Nd5 14. Bg5 Qb6 15. f6
Bh8 16. Qf2 Nf4 17. Bxf4 exf4 18. Qxb6 axb6 19. g5 h6 20. h4 Bg4 21. O-O Rfe8
22. Nh2 Bf5 23. Rxf4 hxg5 24. hxg5 Rad8 25. Bc2 Rd5 26. Nf3 Ne5 27. Nd4 Nc4 28.
Nxf5 Rxf5 29. Rxf5 gxf5 30. Ng3 Ne3 31. Bxf5 Nxf5 32. Nxf5 Re5 33. Rf1 Kh7 34.
Kg2 Kg6 35. Nh4+ Kh5 36. Nf3 Re2+ 37. Kg3 Kg6 38. Rh1 Bxf6 39. Rh6+ Kg7 40.
Rxf6 Rxb2 41. Ne5 1-0

[Event "BIH-ch-T"]
[Site "Sarajevo"]
[Date "2013.06.21"]
[Round "7.3"]
[White "Rasidovic, Sead"]
[Black "Mrndjic, Muamer"]
[Result "1-0"]
[WhiteElo "2381"]
[BlackElo "2279"]
[PlyCount "87"]
[EventDate "2013.06.15"]

1. e4 c5 2. Nf3 g6 3. c4 Bg7 4. d4 cxd4 5. Nxd4 Nc6 6. Nb5 Nf6 7. N5c3 O-O 8.
Be2 d6 9. O-O Bd7 10. Be3 Rc8 11. Nd2 a6 12. Rc1 h5 13. h3 Rb8 14. f4 Re8 15.
g4 hxg4 16. hxg4 e6 17. Kg2 d5 18. e5 Nxg4 19. Bxg4 d4 20. Nde4 dxe3 21. Re1
Na5 22. Nd6 Qh4 23. Rxe3 Bc6+ 24. Nce4 Rbd8 25. c5 f5 26. exf6 Bxf6 27. Qe2 Bd4
28. Rh3 Qf6 29. Kg3 Qf8 30. b4 e5 31. f5 Rxd6 32. Nxd6 Rd8 33. Qh2 e4 34. Kg2
Qe7 35. Qf4 g5 36. f6 Bxf6 37. Qf5 e3+ 38. Bf3 e2 39. Bd5+ Bxd5+ 40. Qxd5+ Kf8
41. bxa5 g4 42. Rh5 Rd7 43. Qf5 Qg7 44. Re1 1-0

[Event "BIH-ch-T"]
[Site "Sarajevo"]
[Date "2013.06.21"]
[Round "7.3"]
[White "Bandic, Adnan"]
[Black "Galic, Zeljko"]
[Result "1/2-1/2"]
[WhiteElo "2243"]
[BlackElo "2300"]
[PlyCount "47"]
[EventDate "2013.06.15"]

1. e4 c5 2. d4 cxd4 3. c3 dxc3 4. Nxc3 Nc6 5. Bc4 e6 6. Nf3 d6 7. O-O Nf6 8.
Qe2 Be7 9. Rd1 e5 10. Bg5 O-O 11. h3 Be6 12. Rac1 Rc8 13. Nb5 Bxc4 14. Rxc4 a6
15. Bxf6 axb5 16. Bxe7 Qxe7 17. Rc2 b4 18. Rcd2 Rfd8 19. Qb5 Ra8 20. b3 Ra5 21.
Qb6 Ra6 22. Qb5 Ra5 23. Qb6 Ra6 24. Qb5 1/2-1/2

[Event "BIH-ch-T"]
[Site "Sarajevo"]
[Date "2013.06.21"]
[Round "7.3"]
[White "Bosnjak, Damir"]
[Black "Hadzovic, Amir"]
[Result "1/2-1/2"]
[WhiteElo "2274"]
[BlackElo "2212"]
[PlyCount "83"]
[EventDate "2013.06.15"]

1. e4 e5 2. Nf3 Nc6 3. d4 exd4 4. Nxd4 Bc5 5. Be3 Qf6 6. c3 Nge7 7. g3 d6 8.
Bg2 Bd7 9. O-O Ne5 10. h3 Nc4 11. Bc1 Nc6 12. Nxc6 Bxc6 13. b4 Bb6 14. a4 a6
15. Qe2 Qe6 16. Nd2 Nxd2 17. Bxd2 O-O 18. Qd3 Rae8 19. Rfe1 Qg6 20. b5 axb5 21.
axb5 Bd7 22. c4 Qh5 23. g4 Qh4 24. Be3 Bxe3 25. Rxe3 Ra8 26. Rf1 Be6 27. e5
Rad8 28. Bxb7 dxe5 29. Qc3 Rd4 30. Rxe5 Rxc4 31. Qd3 Qd8 32. Qxd8 Rxd8 33. f4
Rc2 34. f5 Bc4 35. Rfe1 h6 36. Re8+ Rxe8 37. Rxe8+ Kh7 38. Bc6 Rc1+ 39. Kg2 Rb1
40. Kf2 Bxb5 41. Bxb5 Rxb5 42. Re7 1/2-1/2

[Event "BIH-ch-T"]
[Site "Sarajevo"]
[Date "2013.06.21"]
[Round "7.4"]
[White "Kovacevic, Aleksandar"]
[Black "Kadric, Denis"]
[Result "1/2-1/2"]
[WhiteElo "2557"]
[BlackElo "2460"]
[PlyCount "150"]
[EventDate "2013.06.15"]

1. e4 c5 2. Nf3 Nc6 3. Bb5 Nf6 4. Nc3 Qc7 5. O-O Nd4 6. Re1 a6 7. Bf1 Ng4 8. g3
Nxf3+ 9. Qxf3 Ne5 10. Qe2 e6 11. d3 d6 12. Bg2 Be7 13. Be3 b5 14. f4 Nc6 15.
Qf2 Bb7 16. Ne2 O-O 17. c3 b4 18. Rec1 bxc3 19. bxc3 Na5 20. f5 e5 21. h4 Rfd8
22. c4 Nc6 23. g4 Nd4 24. g5 Nxe2+ 25. Qxe2 f6 26. Rab1 Bc6 27. g6 h6 28. Rb2
Rdb8 29. Rcb1 Bd8 30. Qd2 Rxb2 31. Qxb2 Ra7 32. Qb8 Rb7 33. Rxb7 Bxb7 34. Qxc7
Bxc7 35. Bd2 Bc6 36. Bf3 Kf8 37. Bd1 Bd8 38. Kf2 Be7 39. Ba5 Ke8 40. Ke1 Bf8
41. Kd2 Kd7 42. Kc1 Kc8 43. Kb2 Kb7 44. Ka3 Be7 45. Bb3 Bd7 46. Bc2 Bc6 47. Bd1
Bd7 48. Kb2 Bc6 49. Kc1 Kc8 50. Kd2 Bf8 51. Ke3 Bd7 52. Kf3 Bc6 53. Kg4 Bd7 54.
Kh5 Bc6 55. Bd2 Be8 56. Bb3 Kb7 57. Ba5 Be7 58. Kg4 Bd7 59. h5 Bf8 60. Kf3 Be7
61. Ke2 Be8 62. Kd1 Bd7 63. Kc1 Be8 64. Kb2 Bd7 65. Ka3 Bc6 66. Ba4 Bxa4 67.
Kxa4 Kc6 68. Bd2 Bf8 69. Ka5 Kb7 70. Be3 Ka7 71. Bc1 Kb7 72. Bd2 Ka7 73. Ka4
Kb7 74. Ba5 Be7 75. a3 Kc6 1/2-1/2

[Event "BIH-ch-T"]
[Site "Sarajevo"]
[Date "2013.06.21"]
[Round "7.4"]
[White "Pikula, Dejan"]
[Black "Dumpor, Atif"]
[Result "1/2-1/2"]
[WhiteElo "2482"]
[BlackElo "2357"]
[PlyCount "34"]
[EventDate "2013.06.15"]

1. e4 e5 2. Nf3 Nc6 3. Bb5 a6 4. Ba4 Nf6 5. d3 d6 6. c3 Be7 7. O-O O-O 8. Re1
Bg4 9. Nbd2 b5 10. Bc2 Kh8 11. h3 Bh5 12. a4 Qd7 13. Nf1 d5 14. Ng3 Bg6 15. Nh4
Rad8 16. axb5 axb5 17. Qf3 Nxe4 1/2-1/2

[Event "BIH-ch-T"]
[Site "Sarajevo"]
[Date "2013.06.21"]
[Round "7.4"]
[White "Bilic, Vladimir"]
[Black "Marjanovic, Dejan"]
[Result "1/2-1/2"]
[WhiteElo "2290"]
[BlackElo "2211"]
[PlyCount "50"]
[EventDate "2013.06.15"]

1. e4 d6 2. d4 Nf6 3. Bd3 e5 4. c3 Be7 5. Nf3 Nbd7 6. O-O O-O 7. Nbd2 c6 8. a4
Qc7 9. a5 Rb8 10. Qc2 b5 11. axb6 axb6 12. Re1 Bb7 13. Nf1 Ra8 14. Bd2 Rxa1 15.
Rxa1 Ra8 16. Rxa8+ Bxa8 17. Ng3 g6 18. Qb3 Bb7 19. Qa2 b5 20. h3 Bf8 21. Be3 h6
22. dxe5 dxe5 23. Qa7 Ne8 24. b4 Bc8 25. Nd2 c5 1/2-1/2

[Event "BIH-ch-T"]
[Site "Sarajevo"]
[Date "2013.06.21"]
[Round "7.5"]
[White "Hodzic, Nihad"]
[Black "Perunovic, Milos"]
[Result "1/2-1/2"]
[WhiteElo "2286"]
[BlackElo "2628"]
[PlyCount "91"]
[EventDate "2013.06.15"]

1. d4 Nf6 2. c4 c5 3. d5 b5 4. cxb5 a6 5. b6 d6 6. Nc3 Nbd7 7. e4 g6 8. a4 Nxb6
9. a5 Nbd7 10. f4 Bg7 11. Bc4 O-O 12. Nf3 Ne8 13. O-O Nc7 14. Qd3 Rb8 15. Ra2
Nf6 16. h3 e6 17. dxe6 Bxe6 18. Be3 d5 19. exd5 Nfxd5 20. Nxd5 Nxd5 21. Bxc5
Nxf4 22. Qe4 Rc8 23. b4 Bxc4 24. Qxc4 Ne6 25. Rd2 Qc7 26. Rd5 Rfd8 27. Rfd1
Rxd5 28. Rxd5 Qb7 29. Rd6 Bf8 30. Rxe6 Bxc5+ 31. bxc5 fxe6 32. Qxe6+ Kh8 33.
Ng5 Rf8 34. Qe5+ Kg8 35. Qe6+ Kg7 36. Qe5+ Kh6 37. Ne6 Qb1+ 38. Kh2 Qb8 39. Qd6
Re8 40. Nc7 Rc8 41. Qf4+ Kg7 42. Qe5+ Kh6 43. Qf4+ Kg7 44. Qe5+ Kh6 45. Qf4+
Kg7 46. Qe5+ 1/2-1/2

[Event "BIH-ch-T"]
[Site "Sarajevo"]
[Date "2013.06.21"]
[Round "7.5"]
[White "Predojevic, Borki"]
[Black "Zlobec, Srdjan"]
[Result "1-0"]
[WhiteElo "2616"]
[BlackElo "2045"]
[PlyCount "119"]
[EventDate "2013.06.15"]

1. e4 c6 2. d4 d5 3. e5 c5 4. dxc5 e6 5. Nf3 Bxc5 6. Bd3 Nc6 7. O-O Nge7 8. a3
Ng6 9. b4 Be7 10. Bb2 O-O 11. Re1 Nf4 12. Bf1 f6 13. Nbd2 Nxe5 14. Nxe5 fxe5
15. Bxe5 Bf6 16. Nf3 Bxe5 17. Nxe5 Qg5 18. g3 Ng6 19. Qd4 Rf4 20. Qc3 Nxe5 21.
Rxe5 Rf5 22. Rae1 Qf6 23. f4 g5 24. Bd3 Rxe5 25. fxe5 Qg7 26. Rf1 Bd7 27. Rf6
Rc8 28. Qd4 b6 29. Qf2 Re8 30. Qf3 Re7 31. Qh5 Be8 32. Qg4 Bf7 33. a4 Rc7 34.
a5 bxa5 35. bxa5 h6 36. Qb4 Qf8 37. Qxf8+ Kxf8 38. Rxh6 Rc5 39. a6 Kg7 40. Rh7+
Kg8 41. h4 gxh4 42. Rxh4 Kg7 43. Kf2 d4 44. Rxd4 Rxe5 45. Rd7 Kf6 46. Rxa7 Ra5
47. Rb7 Be8 48. a7 Bc6 49. Rb6 Ba8 50. Ra6 Rc5 51. Ra4 Rc7 52. Ke3 Ke5 53. Be4
Rc8 54. Bxa8 Rxa8 55. g4 Kd5 56. g5 Ke5 57. Ra5+ Kd6 58. Ke4 Kc7 59. g6 Kb7 60.
g7 1-0

[Event "BIH-ch-T"]
[Site "Sarajevo"]
[Date "2013.06.21"]
[Round "7.5"]
[White "Saric, Ibro"]
[Black "Colpa, Husein"]
[Result "1-0"]
[WhiteElo "2572"]
[BlackElo "1952"]
[PlyCount "85"]
[EventDate "2013.06.15"]

1. d4 d5 2. c4 c6 3. Nf3 Nf6 4. e3 e6 5. b3 Be7 6. Bd3 c5 7. O-O Nc6 8. Bb2 Nb4
9. Be2 a5 10. Nc3 O-O 11. Ne5 cxd4 12. exd4 Nc6 13. Bf3 Nb4 14. a3 Na6 15. Rc1
Nc7 16. Re1 Bd6 17. Na4 Nce8 18. c5 Bc7 19. Nc3 Bd7 20. b4 Qb8 21. b5 b6 22. c6
Bc8 23. a4 Bd6 24. Qb3 Ra7 25. Ba3 Qc7 26. Be2 h6 27. Bd3 Qe7 28. Bxd6 Qxd6 29.
Re3 Qb4 30. Qd1 Nh7 31. Ne2 f5 32. Ng6 Rf6 33. Rb1 Qd6 34. Nef4 Nf8 35. Ne5 g5
36. Nh5 Rff7 37. Nxf7 Rxf7 38. g4 fxg4 39. Qxg4 Qc7 40. Qg3 Nd6 41. h4 Qd8 42.
hxg5 Rf5 43. gxh6+ 1-0

[Event "BIH-ch-T"]
[Site "Sarajevo"]
[Date "2013.06.21"]
[Round "7.5"]
[White "Alihodzic, Muzafer"]
[Black "Stojanovic, Dalibor"]
[Result "0-1"]
[WhiteElo "2074"]
[BlackElo "2514"]
[PlyCount "95"]
[EventDate "2013.06.15"]

1. e4 c5 2. g3 Nc6 3. Bg2 g6 4. Ne2 Bg7 5. d3 d6 6. O-O e5 7. h3 Nge7 8. Nbc3
O-O 9. Kh2 Rb8 10. a4 a6 11. b3 f5 12. Rb1 f4 13. f3 g5 14. g4 h5 15. Bd2 Be6
16. Qc1 Rf6 17. Ng1 Rh6 18. gxh5 Rxh5 19. Nd1 Qd7 20. Nf2 Kf7 21. Qd1 Ng8 22.
c3 Nf6 23. b4 cxb4 24. d4 Bc4 25. Re1 b3 26. Bf1 b5 27. axb5 axb5 28. d5 Ne7
29. Bc1 Qa7 30. Qd2 Ra8 31. Bb2 Qd7 32. Bg2 g4 33. fxg4 Nxg4+ 34. Nxg4 Qxg4 35.
Qf2 Rah8 36. Qf3 Qg6 37. Qf2 Rg5 38. Ra1 Bf6 39. Ra7 Rgh5 40. Rd1 Bh4 41. Qf3
Rg5 42. Rd2 Rg3 43. Qd1 Rg8 44. Qf3 Rxf3 45. Nxf3 Qg3+ 46. Kh1 Bf1 47. Bxf1
Qxf3+ 48. Bg2 0-1

[Event "BIH-ch-T"]
[Site "Sarajevo"]
[Date "2013.06.22"]
[Round "8.1"]
[White "Tadic, Branko"]
[Black "Kamberovic, Senad"]
[Result "1-0"]
[WhiteElo "2513"]
[BlackElo "2255"]
[PlyCount "49"]
[EventDate "2013.06.15"]

1. Nf3 d5 2. d4 Nf6 3. c4 c6 4. e3 g6 5. Nc3 Bg7 6. cxd5 Nxd5 7. Qb3 O-O 8. Be2
Nxc3 9. bxc3 Nd7 10. O-O c5 11. a4 e5 12. Ba3 Qc7 13. Qd5 Rd8 14. Ng5 Rf8 15.
dxc5 h6 16. Ne4 Kh7 17. Qd6 Qc6 18. Bf3 Qxa4 19. Bb4 Qc2 20. Rfc1 Qb2 21. Qd1
f5 22. Nd6 Nxc5 23. Rcb1 Qxa1 24. Rxa1 Ne6 25. Nxc8 1-0

[Event "BIH-ch-T"]
[Site "Sarajevo"]
[Date "2013.06.22"]
[Round "8.1"]
[White "Konjicanin, Muris"]
[Black "Miljkovic, Miroslav D"]
[Result "0-1"]
[WhiteElo "2286"]
[BlackElo "2462"]
[PlyCount "106"]
[EventDate "2013.06.15"]

1. d4 Nf6 2. Nf3 c5 3. e3 g6 4. b3 Bg7 5. Bb2 O-O 6. Be2 cxd4 7. Nxd4 Qa5+ 8.
Qd2 Qxd2+ 9. Nxd2 Nc6 10. O-O Ne8 11. c4 Nc7 12. N2f3 Nxd4 13. Bxd4 d6 14. Rfd1
Ne6 15. Bxg7 Kxg7 16. Nd4 Bd7 17. Nxe6+ Bxe6 18. Bf3 Rab8 19. Bd5 Rfc8 20. Bxe6
fxe6 21. Kf1 a5 22. Rac1 Rc5 23. Ke2 Rbc8 24. Kd2 a4 25. Rc2 b5 26. Rdc1 b4 27.
e4 axb3 28. axb3 Ra8 29. Ke3 g5 30. f3 Ra3 31. Rb1 Kf7 32. g3 Ke8 33. Kd4 Kd7
34. Re2 e5+ 35. Kd3 Rca5 36. Reb2 Ra1 37. Rxa1 Rxa1 38. Ke3 Rc1 39. Rd2 Kc6 40.
Rd3 Rh1 41. Rd5 Rb1 42. Rd3 Rb2 43. h4 h6 44. hxg5 hxg5 45. f4 g4 46. fxe5 dxe5
47. Rd5 Rxb3+ 48. Kf2 Rc3 49. Rxe5 Rxc4 50. Rxe7 b3 51. Re8 Rb4 52. Rc8+ Kd6
53. Rc1 b2 0-1

[Event "BIH-ch-T"]
[Site "Sarajevo"]
[Date "2013.06.22"]
[Round "8.1"]
[White "Trkulja, Goran"]
[Black "Hodzic, Nihad"]
[Result "1/2-1/2"]
[WhiteElo "2390"]
[BlackElo "2286"]
[PlyCount "120"]
[EventDate "2013.06.15"]

1. e4 c5 2. Nf3 e6 3. d4 cxd4 4. Nxd4 Nc6 5. Nc3 Qc7 6. Be2 a6 7. O-O Nf6 8.
Be3 d6 9. a4 Be7 10. f4 O-O 11. Nb3 b6 12. Bf3 Bb7 13. Qe2 Rfe8 14. Rad1 Nd7
15. Kh1 Nc5 16. Qf2 Rab8 17. e5 dxe5 18. Nxc5 Bxc5 19. Bxc5 bxc5 20. Qxc5 exf4
21. Rd6 Rbc8 22. Rfd1 Nb8 23. Qf2 e5 24. Bxb7 Qxb7 25. Nd5 Qxb2 26. Qh4 Qb7 27.
Qg5 Kh8 28. Nb6 f6 29. Qh5 g6 30. Qh4 Rxc2 31. Qxf6+ Qg7 32. Qg5 Rc6 33. Rd8
Rce6 34. Rxe8+ Rxe8 35. Rd8 Qf8 36. Rxe8 Qxe8 37. Qf6+ Kg8 38. Nd5 h5 39. h4
Kh7 40. Qd6 Kh6 41. Nf6 Qf7 42. Qxe5 Nd7 43. Qg5+ Kg7 44. Nxh5+ Kh7 45. Nxf4
Nf8 46. g3 Qb7+ 47. Qd5 Qxd5+ 48. Nxd5 Nd7 49. a5 g5 50. hxg5 Kg6 51. Nb4 Nc5
52. Kg2 Kxg5 53. Kf3 Kf5 54. g4+ Kg5 55. Nc6 Nb7 56. Kg3 Nc5 57. Nd4 Nb7 58.
Nb3 Nd6 59. Nc5 Nc4 60. Ne6+ Kf6 1/2-1/2

[Event "BIH-ch-T"]
[Site "Sarajevo"]
[Date "2013.06.22"]
[Round "8.1"]
[White "Zlobec, Srdjan"]
[Black "Sutkovic, Damir"]
[Result "1/2-1/2"]
[WhiteElo "2045"]
[BlackElo "2331"]
[PlyCount "124"]
[EventDate "2013.06.15"]

1. d4 c5 2. e3 Nf6 3. Nf3 g6 4. Bd3 Bg7 5. O-O O-O 6. b3 Nc6 7. Bb2 cxd4 8.
exd4 Nb4 9. Be2 d6 10. c4 Bf5 11. Ne1 e5 12. Na3 Re8 13. Nac2 Nxc2 14. Nxc2
Bxc2 15. Qxc2 e4 16. Bc1 Nd7 17. Be3 f5 18. Qd2 Qf6 19. Rfd1 Qf8 20. Rac1 Rac8
21. b4 h6 22. h4 Kh7 23. a4 Bf6 24. g3 Qg7 25. Bf4 g5 26. hxg5 Bxg5 27. Kg2 Nf6
28. Qe3 Re7 29. Rh1 Kg6 30. b5 Rf8 31. a5 Ng4 32. Bxg4 fxg4 33. Rh2 Bxf4 34.
gxf4 h5 35. Rch1 Rf5 36. c5 dxc5 37. dxc5 Qb2 38. Rd1 Qxb5 39. Rd6+ Kf7 40. Qc3
Qxc5 41. Qb3+ Kf8 42. Rd8+ Re8 43. Rxe8+ Kxe8 44. Qg8+ Ke7 45. Qh7+ Ke8 46.
Qxb7 Qxa5 47. Rh1 Qd5 48. Qb8+ Kf7 49. Qxa7+ Kg6 50. Qe3 Qd3 51. Ra1 Qxe3 52.
fxe3 Rd5 53. Ra6+ Kg7 54. Re6 h4 55. Rxe4 Rd2+ 56. Kg1 g3 57. f5 Rd1+ 58. Kg2
Rd2+ 59. Kg1 Rd1+ 60. Kg2 Rd2+ 61. Kf1 Kf6 62. Rxh4 Kxf5 1/2-1/2

[Event "BIH-ch-T"]
[Site "Sarajevo"]
[Date "2013.06.22"]
[Round "8.1"]
[White "Muratovic, Enver"]
[Black "Mehmedovic, Mirza"]
[Result "1/2-1/2"]
[WhiteElo "2289"]
[BlackElo "2225"]
[PlyCount "63"]
[EventDate "2013.06.15"]

1. e4 c6 2. d4 g6 3. Nc3 d5 4. h3 Bg7 5. Nf3 Nh6 6. Bd3 O-O 7. O-O f6 8. Re1 e6
9. Bf4 Nf7 10. exd5 exd5 11. Qe2 Nd7 12. Qe7 Nde5 13. Qxd8 Nxf3+ 14. gxf3 Rxd8
15. Bc7 Rd7 16. Re8+ Bf8 17. Bf4 Re7 18. Rxe7 Bxe7 19. Re1 Kf8 20. Kg2 Nd6 21.
Nd1 Kf7 22. Ne3 Be6 23. Ng4 Bd7 24. Nh6+ Kf8 25. Ng8 Nc8 26. Nxe7 Nxe7 27. Bd6
Re8 28. c3 Kf7 29. h4 Nf5 30. Rxe8 Kxe8 31. Bxf5 Bxf5 32. Bb8 1/2-1/2

[Event "BIH-ch-T"]
[Site "Sarajevo"]
[Date "2013.06.22"]
[Round "8.1"]
[White "Colpa, Husein"]
[Black "Pasalic, Harun"]
[Result "0-1"]
[WhiteElo "1952"]
[BlackElo "2171"]
[PlyCount "70"]
[EventDate "2013.06.15"]

1. Nf3 Nf6 2. c4 g6 3. Nc3 Bg7 4. d4 O-O 5. e4 d6 6. h3 e5 7. dxe5 dxe5 8. Bg5
Qxd1+ 9. Rxd1 Nc6 10. Bd3 h6 11. Be3 Be6 12. Nd5 Bxd5 13. cxd5 Nd8 14. O-O c6
15. Bc5 Re8 16. dxc6 Nxc6 17. Rfe1 Rad8 18. Rd2 Bf8 19. Bxf8 Kxf8 20. Bb5 Rxd2
21. Nxd2 Rd8 22. Nf1 Nd4 23. Ba4 Rc8 24. f3 b5 25. Bd1 Rc1 26. Kf2 Rb1 27. a4
Rxb2+ 28. Kg1 b4 29. Re3 Rb1 30. Rd3 Nd7 31. f4 Nc5 32. Rd2 Nxe4 33. Rd3 Nc3
34. Ne3 exf4 35. Rxd4 fxe3 0-1

[Event "BIH-ch-T"]
[Site "Sarajevo"]
[Date "2013.06.22"]
[Round "8.2"]
[White "Bogosavljevic, Boban"]
[Black "Erdos, Viktor"]
[Result "0-1"]
[WhiteElo "2548"]
[BlackElo "2645"]
[PlyCount "98"]
[EventDate "2013.06.15"]

1. Nf3 g6 2. d4 Nf6 3. c4 Bg7 4. Nc3 d5 5. cxd5 Nxd5 6. e4 Nxc3 7. bxc3 c5 8.
Be3 Qa5 9. Qd2 Nc6 10. Rc1 cxd4 11. cxd4 Qxd2+ 12. Kxd2 O-O 13. d5 Rd8 14. Ke1
Na5 15. Bg5 Bd7 16. Bd3 f5 17. Bd2 fxe4 18. Bxe4 Rac8 19. Rxc8 Rxc8 20. Ke2 Nc4
21. Bg5 Nd6 22. Bd3 Nb5 23. Bxb5 Bxb5+ 24. Ke3 Kf8 25. Rb1 Rc5 26. Nd4 Rc3+ 27.
Kd2 Rd3+ 28. Kc2 Ba6 29. Ne6+ Kf7 30. Nd8+ Ke8 31. Ne6 Be5 32. Re1 Rxd5 33. Bf6
Bd3+ 34. Kc1 exf6 35. Nc7+ Kf7 36. Nxd5 Bc4 37. Nb4 a5 38. Re4 Bf1 39. Nc2 Bxg2
40. Rh4 h5 41. f4 g5 42. fxg5 fxg5 43. Ra4 Bxh2 44. Ne3 Bc6 45. Rxa5 Bf4 46.
Kd2 h4 47. Ke2 h3 48. Ng4 Kg6 49. Ra3 h2 0-1

[Event "BIH-ch-T"]
[Site "Sarajevo"]
[Date "2013.06.22"]
[Round "8.2"]
[White "Perunovic, Milos"]
[Black "Kovacevic, Aleksandar"]
[Result "1/2-1/2"]
[WhiteElo "2628"]
[BlackElo "2557"]
[PlyCount "66"]
[EventDate "2013.06.15"]

1. e4 e6 2. d4 d5 3. Nc3 Nf6 4. Bg5 dxe4 5. Nxe4 Nbd7 6. Nf3 h6 7. Nxf6+ Nxf6
8. Be3 Nd5 9. Bd2 c5 10. Bb5+ Bd7 11. Bxd7+ Qxd7 12. c4 Nb6 13. Rc1 Be7 14.
dxc5 Bxc5 15. b4 Be7 16. c5 Nd5 17. Ne5 Qc7 18. Qa4+ Kf8 19. Nc4 h5 20. O-O h4
21. h3 Rh5 22. Rfd1 a6 23. Qb3 Rd8 24. Ne3 Nxe3 25. Bxe3 Rhd5 26. Rxd5 Rxd5 27.
Rd1 Qe5 28. a4 Rxd1+ 29. Qxd1 Qb2 30. Qd7 f6 31. Qxb7 Qa1+ 32. Kh2 Qe5+ 33. Kg1
Qa1+ 1/2-1/2

[Event "BIH-ch-T"]
[Site "Sarajevo"]
[Date "2013.06.22"]
[Round "8.2"]
[White "Dumpor, Atif"]
[Black "Predojevic, Borki"]
[Result "0-1"]
[WhiteElo "2357"]
[BlackElo "2616"]
[PlyCount "72"]
[EventDate "2013.06.15"]

1. Nf3 c5 2. c4 Nc6 3. Nc3 g6 4. g3 Bg7 5. Bg2 b6 6. O-O Bb7 7. e3 Nf6 8. d4
cxd4 9. exd4 Rc8 10. Re1 O-O 11. Bg5 Na5 12. b3 d5 13. Bxf6 Bxf6 14. Nxd5 Bxd5
15. cxd5 Qxd5 16. Qe2 Qd6 17. Rad1 Nc6 18. d5 Nb4 19. Nd2 Nxa2 20. Qf3 Nc3 21.
Ra1 Qb4 22. Rxa7 Nxd5 23. Qxd5 Rcd8 24. Rd7 e6 25. Rxd8 Rxd8 26. Qe4 Qxd2 27.
Bf3 Rd4 28. Qe2 Qc3 29. Rb1 Rd2 30. Qe4 Bd4 31. Rf1 Qxb3 32. Qf4 Qb2 33. Be4
Kg7 34. h4 h5 35. g4 e5 36. Qf3 hxg4 0-1

[Event "BIH-ch-T"]
[Site "Sarajevo"]
[Date "2013.06.22"]
[Round "8.2"]
[White "Batinic, Predrag"]
[Black "Saric, Ibro"]
[Result "0-1"]
[WhiteElo "2312"]
[BlackElo "2572"]
[PlyCount "58"]
[EventDate "2013.06.15"]

1. Nf3 Nf6 2. g3 d5 3. Bg2 e6 4. O-O Be7 5. c4 O-O 6. d4 c6 7. Qc2 b6 8. Nbd2
Bb7 9. Rd1 a5 10. b3 Na6 11. Bb2 Nb4 12. Qb1 c5 13. a3 Na6 14. cxd5 exd5 15.
Ne5 Qc8 16. Qd3 Rd8 17. Rac1 Qe6 18. e3 Nc7 19. Qe2 Bd6 20. a4 Na6 21. Qf1 Nb4
22. Bh3 Qe7 23. Bf5 g6 24. Bb1 Bxe5 25. dxe5 Ng4 26. Nf3 d4 27. Nxd4 Nxe5 28.
f4 Ng4 29. Qe2 Qxe3+ 0-1

[Event "BIH-ch-T"]
[Site "Sarajevo"]
[Date "2013.06.22"]
[Round "8.2"]
[White "Stojanovic, Dalibor"]
[Black "Stanisic, Vlajko"]
[Result "1-0"]
[WhiteElo "2514"]
[BlackElo "2009"]
[PlyCount "47"]
[EventDate "2013.06.15"]

1. e4 c5 2. Nc3 a6 3. Nf3 d6 4. d4 cxd4 5. Nxd4 Nf6 6. Be2 e5 7. Nb3 Be7 8. Be3
O-O 9. g4 h5 10. gxh5 Be6 11. Rg1 Kh8 12. f4 exf4 13. Bxf4 Nc6 14. Qd2 Ne5 15.
O-O-O Rc8 16. Kb1 Nfd7 17. Rg3 Re8 18. Rdg1 Rg8 19. Nd4 Rc5 20. Nf5 Bxf5 21.
exf5 Bf8 22. Ne4 Rc6 23. f6 Nxf6 24. Bxe5 1-0

[Event "BIH-ch-T"]
[Site "Sarajevo"]
[Date "2013.06.22"]
[Round "8.3"]
[White "Jankovic, Alojzije"]
[Black "Miladinovic, Igor"]
[Result "1/2-1/2"]
[WhiteElo "2559"]
[BlackElo "2556"]
[PlyCount "57"]
[EventDate "2013.06.15"]

1. d4 d5 2. c4 e6 3. Nc3 Nf6 4. Bf4 Bd6 5. Bg3 O-O 6. e3 c5 7. Nf3 cxd4 8. Nxd4
Nc6 9. cxd5 exd5 10. Bb5 Bg4 11. Qa4 Ne5 12. O-O a6 13. Be2 Bxe2 14. Ndxe2 Nc4
15. Qc2 Rc8 16. b3 Bxg3 17. hxg3 Nd6 18. Qd3 Nde4 19. Rfd1 Re8 20. Nxe4 dxe4
21. Qxd8 Rexd8 22. Rxd8+ Rxd8 23. Rc1 Kf8 24. Nd4 g6 25. Kf1 Ke7 26. Rc7+ Rd7
27. Rc8 h5 28. Ke2 Kd6 29. Kd2 1/2-1/2

[Event "BIH-ch-T"]
[Site "Sarajevo"]
[Date "2013.06.22"]
[Round "8.3"]
[White "Kadric, Denis"]
[Black "Kosic, Dragan"]
[Result "1-0"]
[WhiteElo "2460"]
[BlackElo "2501"]
[PlyCount "99"]
[EventDate "2013.06.15"]

1. e4 e6 2. d4 d5 3. Nd2 c5 4. Ngf3 cxd4 5. Nxd4 Nc6 6. Bb5 Bd7 7. Nxc6 Bxc6 8.
Bxc6+ bxc6 9. c4 Qa5 10. O-O Nf6 11. Qc2 Qa6 12. a3 Be7 13. exd5 cxd5 14. c5
Rb8 15. b4 O-O 16. Bb2 Rfc8 17. Be5 Rb7 18. Qc3 Qa4 19. Nb3 Bd8 20. Qg3 Ne8 21.
Nd4 f6 22. Qh3 Qd7 23. c6 Rxc6 24. Nxc6 Qxc6 25. Rac1 Qd7 26. Bd4 Nd6 27. Rfe1
Nf5 28. Bc3 e5 29. Rcd1 d4 30. f4 Bc7 31. fxe5 Bxe5 32. Re4 g6 33. g4 Ng7 34.
Bxd4 Qd5 35. Qf3 Rd7 36. Rd2 Qc6 37. Be3 Rxd2 38. Bxd2 Ne6 39. Qd3 Kf7 40. Rc4
Qb7 41. Be3 a6 42. a4 Kg7 43. Qe4 Qd7 44. Kg2 Nd8 45. g5 Nf7 46. gxf6+ Bxf6 47.
Bd4 Qd6 48. Bxf6+ Qxf6 49. Qd4 Ne5 50. Rc5 1-0

[Event "BIH-ch-T"]
[Site "Sarajevo"]
[Date "2013.06.22"]
[Round "8.3"]
[White "Bejtovic, Jasmin"]
[Black "Pikula, Dejan"]
[Result "0-1"]
[WhiteElo "2397"]
[BlackElo "2482"]
[PlyCount "56"]
[EventDate "2013.06.15"]

1. c4 e5 2. g3 Nc6 3. Bg2 Bc5 4. Nc3 a6 5. Nf3 d6 6. d3 Nge7 7. O-O O-O 8. a3
h6 9. b4 Ba7 10. Bb2 Be6 11. b5 axb5 12. cxb5 Na5 13. Nd2 Qd7 14. Rc1 f5 15. e3
f4 16. exf4 exf4 17. Nce4 Nf5 18. Nc4 Bd4 19. Bxd4 Nxd4 20. f3 Qxb5 21. Nxa5
Qxa5 22. Rf2 Rf7 23. gxf4 Qxa3 24. Rb1 b5 25. f5 Bxf5 26. f4 d5 27. Rfb2 dxe4
28. dxe4 Qe3+ 0-1

[Event "BIH-ch-T"]
[Site "Sarajevo"]
[Date "2013.06.22"]
[Round "8.3"]
[White "Marjanovic, Dejan"]
[Black "Rasidovic, Sead"]
[Result "1/2-1/2"]
[WhiteElo "2211"]
[BlackElo "2381"]
[PlyCount "45"]
[EventDate "2013.06.15"]

1. e4 e6 2. d4 d5 3. Nd2 c5 4. Ngf3 Nf6 5. exd5 Qxd5 6. Bc4 Qd6 7. O-O cxd4 8.
Nb3 Nc6 9. Nbxd4 Nxd4 10. Nxd4 a6 11. a4 Qc7 12. Bb3 Bd6 13. h3 h5 14. Re1 Bd7
15. Qf3 Be5 16. c3 O-O-O 17. Bg5 Bxd4 18. cxd4 Bc6 19. Qe3 Qd6 20. Rad1 Nd5 21.
Qe5 f6 22. Qxd6 Rxd6 23. Bd2 1/2-1/2

[Event "BIH-ch-T"]
[Site "Sarajevo"]
[Date "2013.06.22"]
[Round "8.3"]
[White "Galic, Zeljko"]
[Black "Arapovic, Vitomir"]
[Result "0-1"]
[WhiteElo "2300"]
[BlackElo "2356"]
[PlyCount "144"]
[EventDate "2013.06.15"]

1. c4 g6 2. Nc3 Bg7 3. Nf3 d6 4. g3 e5 5. Bg2 Nc6 6. O-O f5 7. d3 Nf6 8. Nd5 h6
9. Rb1 O-O 10. b4 g5 11. b5 Ne7 12. Nxf6+ Bxf6 13. a4 Be6 14. Ba3 b6 15. Ne1
Rc8 16. Nc2 f4 17. Nb4 Qd7 18. Re1 Kg7 19. Nd5 Nxd5 20. cxd5 Bh3 21. Be4 h5 22.
e3 fxg3 23. fxg3 g4 24. Rb2 Rf7 25. Rf2 Bg5 26. Rxf7+ Qxf7 27. Qe2 Rf8 28. Bc1
h4 29. Bd2 hxg3 30. hxg3 Bh4 31. gxh4 g3 32. Rc1 Qf2+ 33. Qxf2 gxf2+ 34. Kh2
f1=Q 35. Rxf1 Bxf1 36. Kg3 Be2 37. Bc3 Rf1 38. d4 Rc1 39. Bb2 Rc4 40. Bf5 Kf6
41. Bd7 e4 42. Kf4 Bf3 43. Be8 Rxa4 44. Bc3 a5 45. bxa6 Rxa6 46. h5 Ra8 47. Bg6
Rh8 48. Be1 Bxh5 49. Bxe4 Be2 50. Bg2 Ke7 51. e4 Rh2 52. Kg3 Rh8 53. Kf4 Ra8
54. e5 Ra4 55. Ke3 Bh5 56. Be4 Ra3+ 57. Kf4 b5 58. Bh4+ Ke8 59. Kg5 Re3 60. Kf4
Rh3 61. Kg5 Bf3 62. Bg6+ Kf8 63. Bf5 Rxh4 64. Kxh4 dxe5 65. dxe5 Bxd5 66. Kg5
Ke7 67. Kf4 c5 68. Ke3 b4 69. Bg4 Be6 70. Bd1 Kd7 71. Bf3 Kc7 72. Be4 Kb6 0-1